[Event "Tournoi Skype 027B"]
[Site "Skype"]
[Date "????.??.??"]
[Round "6.30"]
[White "Abate, Luigi"]
[Black "Clemente Alcahua, Kaparso"]
[Result "0-1"]
[WhiteElo "1134"]
[BlackElo "1308"]
[PlyCount "62"]

1. d4 Nf6 2. c4 c6 3. Nc3 e6 4. Bg5 Be7 5. e4 d6 6. Nf3 Nbd7 7. d5 exd5 8. cxd5
O-O 9. dxc6 bxc6 10. Nd4 Ne5 11. Bf4 Qc7 12. Nf5 Nxe4 13. Nxe4 Bxf5 14. Ng3 Bg4
15. Qd4 Bf6 16. Nf5 Bxf5 17. Be2 Nf3+ 18. Bxf3 Bxd4 19. O-O Rfe8 20. Rad1 Bc5
21. g3 Rab8 22. b3 Rb4 23. Rfe1 Be4 24. a3 Rd4 25. Bd2 f6 26. Re2 Bxf3 27.
Rxe8+ Kf7 28. Rde1 d5 29. Be3 Rd1 30. Rxd1 Bxd1 31. Bxc5 Kxe8 0-1

[Event "Tournoi Skype 027B"]
[Site "Skype"]
[Date "????.??.??"]
[Round "6.31"]
[White "Moumtaz, Abderrahim"]
[Black "Maccaferri, Massimo"]
[Result "1-0"]
[WhiteElo "1292"]
[BlackElo "1152"]
[PlyCount "43"]

1. d4 e5 2. dxe5 Nc6 3. Nf3 Qe7 4. Bf4 Qb4+ 5. Nc3 Qxb2 6. Nd5 Bb4+ 7. Bd2
Bxd2+ 8. Kxd2 Qd4+ 9. Nxd4 Kd8 10. Nxc6+ bxc6 11. Nc3 d5 12. e3 Ke7 13. Bd3 Nh6
14. h3 Rd8 15. Qh5 d4 16. Qh4+ f6 17. exd4 Nf5 18. Bxf5 Bxf5 19. exf6+ gxf6 20.
Rhe1+ Be6 21. Qxh7+ Kf8 22. Rxe6 1-0

[Event "Tournoi Skype 027B"]
[Site "Skype"]
[Date "????.??.??"]
[Round "6.32"]
[White "Barrionuevo, Hilario"]
[Black "Douichi, Mohammed"]
[Result "0-1"]
[WhiteElo "1058"]
[BlackElo "1277"]
[PlyCount "88"]

1. d4 Nf6 2. Bg5 Ne4 3. Bf4 d5 4. f3 Nf6 5. e3 e6 6. Nc3 a6 7. Bg5 Bd7 8. f4
Ne4 9. Nxe4 dxe4 10. Bc4 Be7 11. Qe2 Bxg5 12. fxg5 Qxg5 13. a3 e5 14. d5 Bg4
15. Qf2 O-O 16. h3 Qh5 17. d6 cxd6 18. Be2 Bxe2 19. Nxe2 d5 20. Ng3 Qh4 21. O-O
Nd7 22. Rad1 Nf6 23. c4 dxc4 24. Nf5 Qxf2+ 25. Rxf2 Ne8 26. Ne7+ Kh8 27. Rdf1
f6 28. g4 Rf7 29. Nf5 Rd8 30. g5 fxg5 31. Ne7 Rxf2 32. Rxf2 Nf6 33. h4 Rd1+ 34.
Kg2 gxh4 35. Kh3 Rd3 36. Nf5 g6 37. Nxh4 Rxe3+ 38. Kg2 Kg7 39. Kg1 Ng4 40. Ng2
Rh3 41. Re2 e3 42. Nxe3 Nxe3 43. Rh2 Rg3+ 44. Kh1 Ng4 0-1

[Event "Tournoi Skype 027B"]
[Site "Skype"]
[Date "????.??.??"]
[Round "6.33"]
[White "Borg, Anthony"]
[Black "Homme, Jim"]
[Result "1-0"]
[WhiteElo "1236"]
[BlackElo "1130"]
[PlyCount "97"]

1. e4 e5 2. Nf3 Nc6 3. Bc4 Nf6 4. d3 Bc5 5. Ng5 O-O 6. h3 h6 7. Nf3 Qe7 8. O-O
a6 9. a4 d6 10. Nc3 Bd7 11. Nd5 Nxd5 12. exd5 Nb8 13. Qe2 Bf5 14. Nd2 Nd7 15.
Qf3 Bg6 16. c3 Nf6 17. Re1 Bh5 18. Qg3 Bg6 19. Ne4 Nh5 20. Qf3 Rac8 21. Nxc5
dxc5 22. Be3 Rfe8 23. Bd2 Nf6 24. d6 cxd6 25. Rad1 Rcd8 26. Bc1 d5 27. Bb3 e4
28. dxe4 dxe4 29. Qe3 Rxd1 30. Rxd1 Rc8 31. Bc4 Rd8 32. Rxd8+ Qxd8 33. Bd2 Nd5
34. Qxc5 Nf6 35. Be3 Qd1+ 36. Kh2 Qxa4 37. Qc8+ Kh7 38. Be2 Qc2 39. Qc4 Qxb2
40. Bd1 Qb1 41. Bb3 Ne8 42. Ba2 Nd6 43. Qd5 Qb6 44. Bxb6 Nb5 45. Ba5 Na3 46.
Qxb7 Nc4 47. Bxc4 Bf5 48. Qxf7 Bg6 49. Qg8# 1-0

[Event "Tournoi Skype 027B"]
[Site "Skype"]
[Date "????.??.??"]
[Round "6.34"]
[White "Tolaro, Filippa"]
[Black "Jimenez Cabrera, Rodolfo"]
[Result "0-1"]
[WhiteElo "1000"]
[BlackElo "1225"]
[PlyCount "110"]

1. Nf3 c5 2. b3 d6 3. d4 Nc6 4. e3 Bg4 5. a3 cxd4 6. exd4 Nf6 7. Be2 e6 8. Bb2
Be7 9. Nbd2 a6 10. O-O Qd7 11. h3 Bf5 12. Rc1 O-O 13. Nh4 Be4 14. Bf3 Bxf3 15.
Qxf3 e5 16. Nf5 g5 17. Nxe7+ Qxe7 18. Ne4 Nh5 19. Qxh5 d5 20. Nxg5 f6 21. Nxh7
Qxh7 22. Qxh7+ Kxh7 23. dxe5 fxe5 24. Rcd1 d4 25. c3 Rf4 26. g3 Rg8 27. Bc1 Rf3
28. Kg2 Rxc3 29. b4 d3 30. Rfe1 Re8 31. Re4 Nd4 32. Bf4 Nc6 33. a4 Ra3 34. a5
Nxb4 35. Bxe5 Ra2 36. Rh4+ Kg6 37. Bc7 d2 38. Rxb4 Re1 39. Rb6+ Kh5 40. g4+ Kg5
41. Rb5+ Kg6 42. Rdb1 axb5 43. Rxb5 d1=Q 44. Rb6+ Kf7 45. Kg3 Rg1+ 46. Kh4 Rxa5
47. Rxb7 Rc5 48. Bh2+ Kg8 49. Rb8+ Kf7 50. Rb7+ Ke6 51. Rb6+ Kd7 52. Rb7+ Kc6
53. Rc7+ Kb5 54. Rb7+ Kc4 55. f4 Qe1+ 0-1

[Event "Tournoi Skype 027B"]
[Site "Skype"]
[Date "????.??.??"]
[Round "6.35"]
[White "Dos Reis Cabrera, Jose Manuel"]
[Black "Schuh, David"]
[Result "0-1"]
[WhiteElo "1222"]
[BlackElo "1000"]
[PlyCount "54"]

1. d4 Nf6 2. Bf4 d5 3. e3 Bf5 4. Bd3 Bxd3 5. Qxd3 e6 6. Nf3 Bb4+ 7. c3 Ba5 8.
Nbd2 O-O 9. O-O Nc6 10. Bg5 h6 11. Bh4 Qd7 12. Bxf6 gxf6 13. e4 dxe4 14. Qxe4
f5 15. Qh4 Kg7 16. Qg3+ Kh7 17. Ne5 Nxe5 18. Qxe5 b6 19. Nf3 Rg8 20. Qf6 Qb5
21. Rab1 c5 22. Qxf7+ Rg7 23. Qxe6 Rag8 24. Qxf5+ Rg6 25. Nh4 Qc6 26. Nxg6 Rxg6
27. Rfe1 Qxg2# 0-1

[Event "Tournoi Skype 027B"]
[Site "Skype"]
[Date "????.??.??"]
[Round "6.36"]
[White "Rosenkoetter, David"]
[Black "Berbedes, Jorgelina"]
[Result "1-0"]
[WhiteElo "1286"]
[BlackElo "1074"]
[PlyCount "55"]

1. e4 e5 2. Nf3 Nc6 3. d4 d6 4. dxe5 dxe5 5. Qxd8+ Nxd8 6. Bb5+ c6 7. Bc4 Bd6
8. c3 Nf6 9. Bg5 Be7 10. Nxe5 Be6 11. Bxe6 Nxe6 12. O-O O-O 13. Nd2 h6 14. Bh4
Nf4 15. Bg3 Rad8 16. Bxf4 Bc5 17. Nxc6 bxc6 18. e5 Nd5 19. Bg3 Nb6 20. Ne4 Be7
21. Nd6 Bxd6 22. exd6 Rfe8 23. Rad1 Rd7 24. Kh1 Nc4 25. b3 Ne5 26. Rfe1 f6 27.
f4 Nf7 28. Rxe8+ 1-0

[Event "Tournoi Skype 027B"]
[Site "Skype"]
[Date "????.??.??"]
[Round "6.37"]
[White "Schnell, Nicolas"]
[Black "Scata, Laura"]
[Result "0-1"]
[WhiteElo "1104"]
[BlackElo "1273"]
[PlyCount "58"]

1. e4 c6 2. b3 d5 3. e5 Bf5 4. d3 e6 5. Nf3 Nd7 6. Bg5 Qb6 7. Bd2 Bc5 8. Be3
Bxe3 9. d4 Qa5+ 10. Nbd2 Bxd2+ 11. Nxd2 c5 12. Be2 cxd4 13. O-O Nxe5 14. Nf3
Nxf3+ 15. Bxf3 Qc3 16. Rb1 Nf6 17. Re1 O-O 18. b4 Bxc2 19. Qc1 d3 20. Be2 d2
21. Qxd2 Qxd2 22. h3 Bxb1 23. Kf1 Bxa2 24. Rd1 Qxb4 25. Ra1 Bc4 26. Kg1 Bxe2
27. Kh2 Qf4+ 28. g3 Qxf2+ 29. Kh1 Bf3# 0-1

[Event "Tournoi Skype 027B"]
[Site "Skype"]
[Date "????.??.??"]
[Round "6.38"]
[White "Abdulrazzaq, Mohsen"]
[Black "Porcabeuf, Jean-Marc"]
[Result "1-0"]
[WhiteElo "1000"]
[BlackElo "1181"]
[PlyCount "43"]

1. d4 d5 2. c4 c6 3. Nc3 Bf5 4. Bf4 Nf6 5. Nf3 Nbd7 6. cxd5 cxd5 7. e3 a6 8.
Bd3 e6 9. e4 dxe4 10. Nxe4 Nxe4 11. O-O Ndf6 12. Re1 Bb4 13. Re2 Qc8 14. Rc1
Qd7 15. Ng5 Qxd4 16. Rc4 Qb6 17. Nxe4 Nxe4 18. Bxe4 Bg4 19. Bf3 Bf5 20. Rc7 Bd6
21. Rxb7 Qxb7 22. Bxb7 1-0

[Event "Tournoi Skype 027B"]
[Site "Skype"]
[Date "????.??.??"]
[Round "6.39"]
[White "Cengiz, Ali Ekber"]
[Black "Clayton, Estelita"]
[Result "0-1"]
[WhiteElo "1129"]
[BlackElo "1001"]
[PlyCount "110"]

1. e4 e5 2. Nf3 d6 3. Bc4 c6 4. Nc3 h6 5. O-O Be7 6. Re1 Nf6 7. d3 O-O 8. h3
Be6 9. Bxe6 fxe6 10. Ne2 Nbd7 11. c3 c5 12. Qb3 d5 13. exd5 Nxd5 14. Ng3 Bf6
15. c4 N5b6 16. Nh2 Qc7 17. Ng4 Be7 18. Rf1 Nf6 19. Nxf6+ Bxf6 20. Ne4 Be7 21.
Qd1 Nd7 22. Qg4 Qc6 23. Bxh6 Rf7 24. Be3 Bf8 25. h4 Be7 26. h5 Nf8 27. f4 Qc7
28. fxe5 Rxf1+ 29. Rxf1 Qxe5 30. Bf4 Qxb2 31. Be3 Qxa2 32. Bxc5 Bxc5+ 33. Nxc5
Qe2 34. Nxe6 Qxe6 35. Qxe6+ Nxe6 36. Re1 Re8 37. d4 Kf7 38. Kf2 Nxd4 39. Rxe8
Kxe8 40. g4 Ne6 41. Ke3 Kf7 42. Ke4 Kf6 43. Kd5 b6 44. Kc6 a5 45. Kb5 Nc7+ 46.
Kxb6 a4 47. Kxc7 a3 48. c5 a2 49. c6 a1=Q 50. Kc8 Qa8+ 51. Kd7 Qa7+ 52. c7 Qd4+
53. Kc8 Ke7 54. Kb8 Qb6+ 55. Kc8 Kd6 0-1

[Event "Tournoi Skype 027B"]
[Site "Skype"]
[Date "????.??.??"]
[Round "6.40"]
[White "Gomez Zuluaga, Jorge Adiel"]
[Black "Ramirez, Luis Antonio"]
[Result "0-1"]
[WhiteElo "1000"]
[BlackElo "1082"]
[PlyCount "44"]

1. d4 Nf6 2. c4 g6 3. Nc3 Bg7 4. f4 O-O 5. Nf3 d6 6. g3 Bf5 7. Nd5 e6 8. Ne3
Be4 9. Bg2 e5 10. Nd5 Nxd5 11. cxd5 Bxd5 12. fxe5 dxe5 13. Nxe5 Bxg2 14. Rg1
Bd5 15. Be3 Be4 16. Qc2 Bxc2 17. Ng4 Bf5 18. Nh6+ Bxh6 19. Bxh6 Re8 20. g4 Bd3
21. Kf2 Qe7 22. Ke1 Qxe2# 0-1

[Event "Tournoi Skype 027B"]
[Site "Skype"]
[Date "????.??.??"]
[Round "6.41"]
[White "Fernandez, Raquel"]
[Black "Trapletti, Cosetta"]
[Result "1-0"]
[WhiteElo "1000"]
[BlackElo "1050"]
[PlyCount "59"]

1. e4 e5 2. Nf3 Nc6 3. Nc3 Bc5 4. Bc4 Nf6 5. d3 O-O 6. O-O d6 7. a3 h6 8. b4
Bb6 9. Nd5 Be6 10. Nxb6 axb6 11. b5 Na5 12. Bxe6 fxe6 13. Bb2 c5 14. c3 d5 15.
Nxe5 Re8 16. exd5 Qxd5 17. c4 Qd6 18. Ng4 Nh5 19. Qf3 Rf8 20. Qe4 Nf4 21. Be5
Qe7 22. Bxf4 h5 23. Ne5 Nb3 24. Ng6 Rf6 25. Nxe7+ Kh8 26. Rae1 Nd4 27. Be5 Nf5
28. Bxf6 gxf6 29. Qxb7 Rg8 30. Nxg8 1-0

[Event "Tournoi Skype 027B"]
[Site "Skype"]
[Date "????.??.??"]
[Round "6.42"]
[White "Conde, Abigail"]
[Black "Rodriguez Tovar, Liliana"]
[Result "1-0"]
[WhiteElo "1196"]
[BlackElo "1000"]
[PlyCount "73"]

1. c4 e5 2. e4 Nf6 3. Bd3 g6 4. a3 Bg7 5. Nf3 d6 6. Nc3 Nbd7 7. b4 b6 8. Bc2
O-O 9. d4 Re8 10. d5 Ba6 11. Qd3 b5 12. cxb5 Bb7 13. O-O a6 14. Ba4 Nb6 15. Bg5
h6 16. Bh4 Qd7 17. Rfc1 a5 18. h3 axb4 19. axb4 Re7 20. Ra3 Rae8 21. Bb3 Ba8
22. Ra7 h5 23. Bg3 Bh6 24. Rc2 Kg7 25. Bh4 Qc8 26. Na4 Qb8 27. Ra5 Qb7 28. Nxb6
Qxb6 29. Ra6 Qb7 30. b6 cxb6 31. Qb5 Nd7 32. Bxe7 Rxe7 33. Rca2 Re8 34. Ra7 Qb8
35. Qxd7 Rd8 36. Qxf7+ Kh8 37. Qh7# 1-0

[Event "Tournoi Skype 027B"]
[Site "Skype"]
[Date "????.??.??"]
[Round "6.44"]
[White "Solis Treminio, Jose Antonio"]
[Black "Trolese, Caterina"]
[Result "0-1"]
[WhiteElo "1000"]
[BlackElo "1040"]
[PlyCount "70"]

1. c4 e5 2. g3 Bc5 3. d3 Nf6 4. Bg2 O-O 5. Nf3 d6 6. O-O Bf5 7. Bf4 exf4 8.
gxf4 Re8 9. Nbd2 Bg4 10. Qc2 Bxf3 11. Bxf3 c6 12. Qb3 b5 13. cxb5 Qd7 14. bxc6
Nxc6 15. Nc4 Rab8 16. Qd1 a6 17. Na5 Nxa5 18. Rb1 Rb4 19. a3 Rxf4 20. b4 Nc6
21. bxc5 dxc5 22. Rb2 Ne5 23. Qb1 Nxf3+ 24. Kg2 Qg4+ 25. Kh1 h6 26. Rb8 Nxh2
27. Rg1 Qxe2 28. Kxh2 Ng4+ 29. Kh3 Qf3+ 30. Rg3 Qe2 31. Rxe8+ Qxe8 32. Rxg4 Qe6
33. Kg3 Qxg4+ 34. Kh2 Rxf2+ 35. Kh1 Qg2# 0-1

[Event "Tournoi Skype 027B"]
[Site "Skype"]
[Date "????.??.??"]
[Round "6.45"]
[White "Alverson, Ginny"]
[Black "Hernandez, Enrique"]
[Result "0-1"]
[WhiteElo "1016"]
[BlackElo "1000"]
[PlyCount "24"]

1. Nf3 d5 2. d4 Nc6 3. e3 Bg4 4. Be2 Bxf3 5. Bxf3 e5 6. dxe5 Nxe5 7. O-O Nf6 8.
Nd2 Qd6 9. Be2 h5 10. Bb5+ c6 11. Bd3 Neg4 12. Bf5 Qxh2# 0-1

[Event "Tournoi Skype 027B"]
[Site "Skype"]
[Date "????.??.??"]
[Round "6.46"]
[White "Rodriguez, Gisselle"]
[Black "Hampton, Irene"]
[Result "0-1"]
[WhiteElo "1000"]
[BlackElo "1000"]
[PlyCount "76"]

1. c4 c5 2. Nc3 d6 3. e4 Bd7 4. f4 Nc6 5. Be2 Qc7 6. a4 O-O-O 7. d3 Nf6 8. Bd2
g6 9. Nf3 e6 10. a5 a6 11. Ra4 Bg7 12. O-O e5 13. d4 Nxd4 14. fxe5 Nxe4 15.
Nxe4 Bxa4 16. Qxa4 dxe5 17. Bg5 Rdf8 18. Rb1 f6 19. b4 Nxe2+ 20. Kf2 Nd4 21.
Nxd4 cxd4 22. Nc5 fxg5+ 23. Ke2 Rf4 24. g3 Rg4 25. b5 axb5 26. a6 Qxc5 27. cxb5
Kc7 28. Qa5+ Qb6 29. Qc3+ dxc3 30. a7 Qxa7 31. Rc1 e4 32. h3 Rxg3 33. Rc2 Qa1
34. Kf2 Rg1 35. b6+ Kxb6 36. Ke3 Re8 37. Kf2 e3+ 38. Ke2 Qd1# 0-1

[Event "Tournoi Skype 027B"]
[Site "Skype"]
[Date "????.??.??"]
[Round "7.1"]
[White "Cayo, Ana Carolina"]
[Black "Babar, Ganesh"]
[Result "0-1"]
[WhiteElo "1410"]
[BlackElo "1000"]
[PlyCount "52"]

1. d4 d5 2. Nf3 Nf6 3. Bg5 Ne4 4. Bf4 c5 5. c3 cxd4 6. cxd4 e6 7. a3 Nc6 8. e3
g5 9. Be5 f6 10. Bg3 h5 11. h3 Nxg3 12. fxg3 Bd6 13. Qc2 Bxg3+ 14. Kd1 Kf7 15.
Bd3 e5 16. Bf5 e4 17. Bxc8 Rxc8 18. Nfd2 Nxd4 19. Qa4 Nf5 20. Qb3 Kg6 21. Nc3
Nxe3+ 22. Ke2 Nf5 23. Qxd5 Qb6 24. Rhf1 Bf4 25. Ncxe4 Rhd8 26. Qa2 Qe3+ 0-1

[Event "Tournoi Skype 027B"]
[Site "Skype"]
[Date "????.??.??"]
[Round "7.2"]
[White "Cayllahua, Braulio Idme"]
[Black "Thavorath, Nirandas"]
[Result "1-0"]
[WhiteElo "1489"]
[BlackElo "1000"]
[PlyCount "41"]

1. e4 e5 2. Nf3 Nc6 3. Bb5 Nf6 4. O-O Bc5 5. Bxc6 dxc6 6. Nxe5 O-O 7. d3 Re8 8.
Bf4 Bd4 9. Nc4 b5 10. c3 bxc4 11. cxd4 cxd3 12. Qxd3 Rxe4 13. Be3 c5 14. Nc3
Rh4 15. g3 Rh3 16. Ne4 Nxe4 17. Qxe4 Rb8 18. dxc5 g6 19. Bd4 Qf8 20. Qe5 Qh6
21. Qh8# 1-0

[Event "Tournoi Skype 027B"]
[Site "Skype"]
[Date "????.??.??"]
[Round "7.3"]
[White "Meza, Rafael"]
[Black "Franco, Yolima"]
[Result "1-0"]
[WhiteElo "1000"]
[BlackElo "1408"]
[PlyCount "55"]

1. c4 c5 2. Nc3 Nc6 3. Nf3 e5 4. e3 Nf6 5. a3 h6 6. d3 Bd6 7. Bd2 O-O 8. Be2
Re8 9. O-O a6 10. Rc1 Ne7 11. e4 Bb8 12. Na4 Qc7 13. b4 b6 14. Rb1 b5 15. Nb2
bxc4 16. Nxc4 d5 17. Ncxe5 dxe4 18. dxe4 Nxe4 19. Bc4 Nd5 20. Bxd5 Rxe5 21.
Nxe5 Qxe5 22. Bxf7+ Kxf7 23. g3 Bh3 24. Qf3+ Kg8 25. Rfe1 Nxd2 26. Qxa8 Qc7 27.
Qd5+ Qf7 28. Re8+ 1-0

[Event "Tournoi Skype 027B"]
[Site "Skype"]
[Date "????.??.??"]
[Round "7.4"]
[White "Sharma, Akash"]
[Black "Pasasin, Alejandro"]
[Result "1/2-1/2"]
[WhiteElo "1000"]
[BlackElo "1251"]
[PlyCount "38"]

1. e4 c5 2. Nf3 d6 3. d4 cxd4 4. Nxd4 Nf6 5. Nc3 a6 6. Bc4 e6 7. Bg5 Be7 8. O-O
O-O 9. f4 Ne8 10. Bxe7 Qxe7 11. Qf3 Nc6 12. Nde2 Bd7 13. Rad1 b5 14. Bd3 Nb4
15. Kh1 Nxd3 16. cxd3 Rc8 17. Nd4 Nf6 18. e5 dxe5 19. fxe5 Ne8 1/2-1/2

[Event "Tournoi Skype 027B"]
[Site "Skype"]
[Date "????.??.??"]
[Round "7.5"]
[White "Gokcek, Cagri"]
[Black "Zequeda, Javier"]
[Result "1/2-1/2"]
[WhiteElo "1202"]
[BlackElo "1000"]
[PlyCount "26"]

1. e4 c5 2. Nf3 e6 3. d4 cxd4 4. Nxd4 Nc6 5. Nc3 Bb4 6. Nde2 d6 7. a3 Ba5 8. b4
Bb6 9. Bb2 Nf6 10. Ng3 Bd4 11. Bb5 Bxc3+ 12. Bxc3 O-O 13. O-O e5 1/2-1/2

[Event "Tournoi Skype 027B"]
[Site "Skype"]
[Date "????.??.??"]
[Round "7.6"]
[White "Abate, Leonardo"]
[Black "Bendre, Pankaj"]
[Result "1-0"]
[WhiteElo "1000"]
[BlackElo "1438"]
[PlyCount "51"]

1. d4 Nf6 2. c4 e6 3. Nc3 c6 4. e4 d5 5. e5 Nfd7 6. Nf3 Nb6 7. b3 c5 8. cxd5
exd5 9. Bb2 Be7 10. Be2 O-O 11. O-O Be6 12. Qd2 Nc6 13. Rac1 h6 14. Nd1 c4 15.
bxc4 dxc4 16. Ne3 Bb4 17. Qd1 Na5 18. h3 Rc8 19. Nh2 c3 20. Ba1 Bxa2 21. Qd3
Nd5 22. Nf5 Bc4 23. Qg3 Qg5 24. Bxc4 Nxc4 25. Ng4 Qxf5 26. Nxh6+ 1-0

[Event "Tournoi Skype 027B"]
[Site "Skype"]
[Date "????.??.??"]
[Round "7.7"]
[White "Amato, Ludovica"]
[Black "Farfallini, Michel"]
[Result "1-0"]
[WhiteElo "1402"]
[BlackElo "1304"]
[PlyCount "47"]

1. e4 e5 2. Nf3 Nc6 3. Bc4 Be7 4. O-O Nf6 5. d3 d5 6. exd5 Nxd5 7. Re1 Bg4 8.
h3 Bh5 9. c3 Qd6 10. Nbd2 O-O-O 11. Ne4 Qg6 12. Ng3 Nf6 13. Bb5 Rd6 14. Bxc6
Rxc6 15. Nxh5 Nxh5 16. Nxe5 Qf5 17. Nxc6 Bh4 18. Ne7+ Bxe7 19. Rxe7 Rd8 20. Qg4
Qxg4 21. hxg4 Nf6 22. d4 Nxg4 23. Bf4 Rd7 24. Rae1 1-0

[Event "Tournoi Skype 027B"]
[Site "Skype"]
[Date "????.??.??"]
[Round "7.8"]
[White "Mhabdi, Mahesh"]
[Black "Munoz Gonzalez, Martin"]
[Result "1-0"]
[WhiteElo "1296"]
[BlackElo "1393"]
[PlyCount "57"]

1. e4 e6 2. Nf3 Nc6 3. Nc3 d5 4. exd5 exd5 5. d4 Bb4 6. Bd2 Bg4 7. Be2 Nf6 8.
a3 Bxc3 9. Bxc3 Qe7 10. O-O O-O 11. Bb5 Qd7 12. h3 Bxf3 13. Qxf3 a6 14. Bd3
Rae8 15. Rfe1 Re7 16. Rxe7 Nxe7 17. Re1 Re8 18. Bd2 Nc6 19. Rxe8+ Qxe8 20. Be3
Ne4 21. c4 Na5 22. cxd5 Nd6 23. Qd1 b5 24. b4 Nab7 25. Qc2 Qe7 26. Bxh7+ Kf8
27. Bd3 Nd8 28. Qe2 Ne6 29. dxe6 1-0

[Event "Tournoi Skype 027B"]
[Site "Skype"]
[Date "????.??.??"]
[Round "7.9"]
[White "Lopes, Marcia Maria"]
[Black "Codina, Teresa"]
[Result "1-0"]
[WhiteElo "1363"]
[BlackElo "1189"]
[PlyCount "61"]

1. e4 c5 2. Nc3 d6 3. Bc4 Nf6 4. f4 e6 5. Nf3 Be7 6. O-O O-O 7. d3 Nbd7 8. Qe1
Nb6 9. Bb3 Bd7 10. f5 e5 11. Qg3 h6 12. Bxh6 Nh5 13. Qg4 Bf6 14. Qxh5 gxh6 15.
Qxh6 Bg7 16. Qh5 Be8 17. Ng5 Qxg5 18. Qxg5 Kh7 19. f6 Bh6 20. Qf5+ Kh8 21. Rf3
Rg8 22. Qh5 Rg6 23. Raf1 Nd7 24. Rg3 Nxf6 25. Rxf6 Kg7 26. Rfxg6+ fxg6 27. Qg4
Rd8 28. Nd5 Rd7 29. Ba4 Rd8 30. Bxe8 Rxe8 31. Qxg6+ 1-0

[Event "Tournoi Skype 027B"]
[Site "Skype"]
[Date "????.??.??"]
[Round "7.10"]
[White "Khatanhar, Mohit"]
[Black "Sanchez Padilla, Armando Edilber"]
[Result "1-0"]
[WhiteElo "1287"]
[BlackElo "1321"]
[PlyCount "75"]

1. d4 Nf6 2. Nc3 g6 3. Nf3 d5 4. Bg5 Bg7 5. Bxf6 Bxf6 6. e3 Nc6 7. Bb5 Qd6 8.
h3 a6 9. Bxc6+ Qxc6 10. O-O O-O 11. Nh2 b5 12. a3 Bb7 13. f4 a5 14. Qg4 Bc8 15.
Qg3 Bf5 16. Ng4 Bg7 17. Qh4 h5 18. Nh2 Bf6 19. Qf2 b4 20. axb4 axb4 21. Ne2
Bxc2 22. Rac1 b3 23. Nf3 Qe6 24. Nh4 Ra2 25. f5 Bxf5 26. Nxf5 gxf5 27. Qg3+ Kh7
28. Rxc7 Rxb2 29. Qf3 Kh6 30. Nf4 Rxg2+ 31. Kxg2 Rg8+ 32. Kh2 Qd6 33. Qxh5+ Kg7
34. Rg1+ Bg5 35. Rxg5+ Kf6 36. Qh6+ Rg6 37. Rxg6+ fxg6 38. Qxg6# 1-0

[Event "Tournoi Skype 027B"]
[Site "Skype"]
[Date "????.??.??"]
[Round "7.11"]
[White "Luunge, Abdi"]
[Black "De Nobrega, George"]
[Result "1-0"]
[WhiteElo "1285"]
[BlackElo "1311"]
[PlyCount "31"]

1. d4 Nf6 2. Nc3 d5 3. Nf3 Nc6 4. Bf4 Bf5 5. Nb5 e5 6. Nxe5 Nxe5 7. Bxe5 Bd6 8.
Bxf6 Qxf6 9. a3 a6 10. Nc3 O-O 11. Nxd5 Rad8 12. Nxf6+ gxf6 13. e3 Kh8 14. c3
Be5 15. Qf3 Bc8 16. dxe5 1-0

[Event "Tournoi Skype 027B"]
[Site "Skype"]
[Date "????.??.??"]
[Round "7.12"]
[White "Martinez, Danny"]
[Black "Felippe E Silva, Glenda"]
[Result "0-1"]
[WhiteElo "1000"]
[BlackElo "1309"]
[PlyCount "44"]

1. e4 c6 2. d4 d5 3. Nc3 dxe4 4. Nxe4 Bf5 5. Ng3 Bg6 6. Nf3 Nd7 7. Bd3 Ngf6 8.
O-O Bxd3 9. Qxd3 e6 10. Bf4 Be7 11. Rad1 O-O 12. Rfe1 Nd5 13. Qd2 Nxf4 14. Qxf4
Nf6 15. c4 Bd6 16. Ne5 Bxe5 17. dxe5 Nd7 18. Nh5 Qe7 19. Qg4 g6 20. Rxd7 Qc5
21. Rxf7 Rxf7 22. Qxe6 Qxf2+ 0-1

[Event "Tournoi Skype 027B"]
[Site "Skype"]
[Date "????.??.??"]
[Round "7.13"]
[White "Battaglia, Gabriele"]
[Black "Florez Beltran, Leidy Lucila"]
[Result "0-1"]
[WhiteElo "1308"]
[BlackElo "1000"]
[PlyCount "66"]

1. Nf3 d5 2. g3 Nc6 3. Bg2 e5 4. d3 Nf6 5. O-O Bc5 6. Nbd2 O-O 7. Nb3 Bb6 8. c4
e4 9. dxe4 dxe4 10. Nfd2 Re8 11. c5 Ba5 12. e3 b6 13. Qc2 Bf5 14. Rd1 Nb4 15.
Qc4 Nd3 16. cxb6 axb6 17. Nxa5 Rxa5 18. Nb3 Be6 19. Qc3 Rd5 20. Nd4 Bg4 21. Rd2
Ne5 22. h3 Bf3 23. Nxf3 Nxf3+ 24. Bxf3 exf3 25. Rxd5 Qxd5 26. Qd4 Qxd4 27. exd4
Re1+ 28. Kh2 Ne4 29. b3 Nxf2 30. Bb2 Re2 31. Ba3 Ng4+ 32. Kg1 Rg2+ 33. Kh1 Nf2#
0-1

[Event "Tournoi Skype 027B"]
[Site "Skype"]
[Date "????.??.??"]
[Round "7.14"]
[White "More, Sanskruti"]
[Black "Aroucha, Abraao"]
[Result "1-0"]
[WhiteElo "1000"]
[BlackElo "1376"]
[PlyCount "39"]

1. e4 e6 2. d4 d5 3. Nc3 Nf6 4. e5 Nfd7 5. Nf3 c5 6. Bb5 a6 7. Bxd7+ Bxd7 8.
O-O Qb6 9. Ne2 Nc6 10. c3 cxd4 11. cxd4 Be7 12. Ng3 O-O 13. Nh5 Qd8 14. a3 Rc8
15. Re1 Re8 16. Qd3 h6 17. Bf4 Bf8 18. Bxh6 Ne7 19. Ng5 Ng6 20. Nxf7 1-0

[Event "Tournoi Skype 027B"]
[Site "Skype"]
[Date "????.??.??"]
[Round "7.15"]
[White "Gerbaux, Regis"]
[Black "Milanese, Serge"]
[Result "1/2-1/2"]
[WhiteElo "1334"]
[BlackElo "1277"]
[PlyCount "51"]

1. d4 Nf6 2. Nf3 d5 3. Bf4 e6 4. e3 Bd6 5. Bg3 Qe7 6. Nbd2 Nbd7 7. Ne5 c5 8. c3
Ne4 9. Nxe4 dxe4 10. f3 O-O 11. fxe4 f6 12. Nc4 Bb8 13. e5 g6 14. h4 h5 15. Bd3
Qg7 16. Rg1 fxe5 17. dxe5 Bxe5 18. Qc2 Bxg3+ 19. Kd1 Rf2 20. Be2 e5 21. Qd3 Nf6
22. Qd6 Bg4 23. Bxg4 Nxg4 24. Qd3 Raf8 25. e4 Nh2 26. Qxg3 1/2-1/2

[Event "Tournoi Skype 027B"]
[Site "Skype"]
[Date "????.??.??"]
[Round "7.16"]
[White "Montilla Bejarano, Carmen"]
[Black "Le Bouill, Pierre"]
[Result "0-1"]
[WhiteElo "1077"]
[BlackElo "1308"]
[PlyCount "74"]

1. e4 d5 2. exd5 Qxd5 3. Nc3 Qa5 4. d4 c6 5. Nf3 Nf6 6. Be2 e6 7. Bd2 Qc7 8. a4
a5 9. Be3 Bd6 10. g3 Nbd7 11. Qd3 e5 12. d5 Nc5 13. Bxc5 Bxc5 14. dxc6 bxc6 15.
Qc4 Bb4 16. O-O-O Be6 17. Qd3 Bxc3 18. Qxc3 Ne4 19. Qe1 Rb8 20. Nd2 Bd5 21.
Nxe4 Bxe4 22. Qc3 Bxh1 23. Bb5 O-O 24. Rxh1 Rfd8 25. Re1 Qd6 26. Be2 Qb4 27.
Qxb4 axb4 28. b3 f6 29. h4 g6 30. f4 exf4 31. Bc4+ Kg7 32. gxf4 Re8 33. Rxe8
Rxe8 34. Kd2 f5 35. Bd3 h6 36. Kd1 Kf6 37. Be2 Re4 0-1

[Event "Tournoi Skype 027B"]
[Site "Skype"]
[Date "????.??.??"]
[Round "7.18"]
[White "Jimenez Cabrera, Rodolfo"]
[Black "Simone, Vale"]
[Result "0-1"]
[WhiteElo "1225"]
[BlackElo "1453"]
[PlyCount "100"]

1. c4 Nf6 2. e3 b6 3. Nc3 Bb7 4. Nf3 e6 5. g3 Be7 6. Bg2 O-O 7. a3 d6 8. e4
Nxe4 9. Nxe4 Bxe4 10. d3 Bb7 11. O-O Nd7 12. Bf4 Bf6 13. Rb1 Ne5 14. Re1 Nxf3+
15. Bxf3 Bxf3 16. Qxf3 Bg5 17. Re4 Qf6 18. Qg4 Bxf4 19. Rxf4 Qg6 20. Re4 Qxg4
21. Rxg4 f5 22. Rf4 g5 23. Rd4 Rf6 24. c5 bxc5 25. Rc4 Rb8 26. Kg2 f4 27. f3
fxg3 28. hxg3 Rb3 29. Rc3 Rxc3 30. bxc3 Rf7 31. a4 Kg7 32. a5 a6 33. g4 Kg6 34.
Rb8 Rf4 35. Ra8 Ra4 36. Rxa6 Ra3 37. Kf2 Rxc3 38. Ke2 Ra3 39. Ra8 Kf6 40. a6
Ke5 41. Ke3 c4 42. a7 Rxd3+ 43. Ke2 Ra3 44. Rb8 Rxa7 45. Rb5+ d5 46. Rc5 Kd4
47. Rc6 e5 48. Rh6 c3 49. Kd1 Kd3 50. Rc6 Ra1# 0-1

[Event "Tournoi Skype 027B"]
[Site "Skype"]
[Date "????.??.??"]
[Round "7.19"]
[White "Duthoit, Bernard"]
[Black "Borg, Anthony"]
[Result "0-1"]
[WhiteElo "1334"]
[BlackElo "1236"]
[PlyCount "66"]

1. e4 e6 2. d4 d5 3. exd5 Qxd5 4. Nc3 Qa5 5. Bd2 Nf6 6. Nf3 Bb4 7. a3 Bxc3 8.
Bxc3 Qd5 9. Bd3 b6 10. O-O Bb7 11. Be2 Nbd7 12. Nh4 g5 13. Bf3 Ne4 14. Re1 Ndf6
15. Bxe4 Nxe4 16. Nf3 g4 17. Nh4 O-O-O 18. Qxg4 Rhg8 19. Qf3 f5 20. Re3 Rg4 21.
Qh3 Ng5 22. Qxg4 fxg4 23. Re5 Nh3+ 24. Kf1 Qc4+ 25. Re2 Nf4 26. Rae1 Nxe2 27.
Rxe2 Rf8 28. Be1 Qxd4 29. c3 Qc4 30. Bd2 g3 31. hxg3 Qb3 32. Bf4 Rd8 33. Kg1
Qd1+ 0-1